00658nam a2200193 a 450000100060000000300080000600500170001400800410003103500190007204000460009104100080013708200270014510000290017224500960020126000450029730000260034250400360036860000600040455606BD-RjUL20211209080304.0161120s1962 ii b 001 0 eng  a(BD-RjUL)55729 aDLCcCLobSdCLobSdTxUdDLCdBD-RjULbeng aeng 223a954.0257bSAH 19621 aSaksena, Banarsi Prasad.10aHistory of Shahjahan of Dihli /cBanarsi Prasad Saksena ; With a foreword by Wolseley Haig. aAllahabad :bCentral Book Depot,cc1962. axxx, 373 p. ;c22 cm. aIncludes index and bibliography00aShahjahan,cEmperor of India,dapproximately 1592-1666.